[Event "Challenge"]
[Site "http://www.queenalice.com/game.php?id=1097344"]
[Date "2012.8.28"]
[Round "-"]
[White "Rogerio11"]
[Black "Timinator"]
[Result "1-0"]
[WhiteElo "1390"]
[BlackElo "1422"]

1. e4 e5 2. Bc4 Qe7 3. Qf3 Nf6 4. g4 b6 5. g5 Ng8 6. d3 g6 7. Nh3 d6 8. c3 Be6
9. b4 Bxc4 10. dxc4 Nd7 11. c5 f6 12. Nd2 O-O-O 13. Nc4 Qe6 14. gxf6 Qxc4 15.
Ng5 Ndxf6 16. cxb6 axb6 17. h4 d5 18. Ne6 dxe4 19. Qg3 1-0

[Event "Totally out of practice..."]
[Site "http://www.queenalice.com/game.php?id=1363447"]
[Date "2015.6.4"]
[Round "-"]
[White "Matach"]
[Black "Timinator"]
[Result "0-1"]
[WhiteElo "1048"]
[BlackElo "1409"]

1. d4 d5 2. e3 e6 3. b3 Nc6 4. Nf3 Qd6 5. Qd2 Bd7 6. Bb2 O-O-O 7. Be2 Nf6 8. Nc3
e5 9. Nb5 Qb4 10. Nc3 exd4 11. exd4 Ne4 12. a3 Nxd2 13. axb4 Nxf3+ 14. gxf3 Nxb4
15. Rxa7 c6 16. Kd1 c5 17. Nb5 Bxb5 18. Bxb5 Kb8 19. Ra4 cxd4 20. Bxd4 Nc6 21.
Re1 Nxd4 22. Rxd4 Bc5 23. Rd2 Bxf2 24. Rxf2 Rc8 25. Bd3 Rhd8 26. Rg1 g6 27. Rd2
d4 28. f4 f5 29. h4 Rd6 30. h5 gxh5 31. Bxf5 Rc7 32. Rh1 b5 33. Rxh5 b4 34. Bxh7
Ka7 35. c4 bxc3 36. Ra2+ Kb6 37. Be4 d3 38. Rh3 c2+ 39. Kc1 d2+ 40. Kb2 c1=Q#
0-1

[Event "GalaxyQuest"]
[Site "http://www.queenalice.com/game.php?id=1372620"]
[Date "2015.7.21"]
[Round "-"]
[White "Timinator"]
[Black "Matach"]
[Result "1-0"]
[WhiteElo "1397"]
[BlackElo "1060"]

1. Nc3 f5 2. e4 g6 3. g3 b6 4. Bc4 d6 5. Nf3 h6 6. O-O c5 7. Bd5 Nc6 8. Bxc6+
Bd7 9. Bxa8 Qxa8 10. Nd5 Bg7 11. Qe2 Nf6 12. Nc7+ Kf7 13. Nxa8 Rxa8 14. Re1 Be6
15. e5 dxe5 16. Nxe5+ Kg8 17. Nxg6 Bf7 18. Nxe7+ Kh7 19. Nxf5 Bf8 20. Qf3 Rd8
21. d3 Bd5 22. Qf4 Be6 23. Qc7+ Rd7 24. Qe5 Rd5 25. Qxf6 Bg7 26. Nxg7 Kg8 27.
Rxe6 c4 28. Re8+ Kh7 29. Qxh6# 1-0

[Event "FightToTheEnd"]
[Site "http://www.queenalice.com/game.php?id=1373010"]
[Date "2015.7.24"]
[Round "-"]
[White "Matach"]
[Black "Timinator"]
[Result "0-1"]
[WhiteElo "1057"]
[BlackElo "1400"]

1. d4 d5 2. c3 b5 3. e3 c6 4. Bd3 f5 5. Nh3 e6 6. b3 Bd6 7. Na3 a6 8. Nf4 Bxf4
9. exf4 Nf6 10. c4 dxc4 11. bxc4 Qxd4 12. Nc2 Qc5 13. Be3 Qd6 14. h3 O-O 15. g4
Rd8 16. a3 bxc4 17. Nb4 cxd3 18. Nxd3 Qxd3 19. Qxd3 Rxd3 20. Bd2 Ra7 21. g5 Ne4
22. Rd1 Rad7 23. Rh2 Rxd2 24. Rxd2 Rxd2 25. Kf1 Nc3 26. h4 a5 27. Rh3 Ba6+ 28.
Ke1 Rd1# 0-1

[Event "OS INCLIVEIS"]
[Site "http://www.queenalice.com/game.php?id=1374849"]
[Date "2015.8.1"]
[Round "-"]
[White "adelio"]
[Black "Timinator"]
[Result "1-0"]
[WhiteElo "1852"]
[BlackElo "1404"]

1. d4 d5 2. e4 dxe4 3. Nc3 Nf6 4. f3 exf3 5. Nxf3 Bg4 6. h3 Bxf3 7. Qxf3 Qd7 8.
Qxb7 Qe6+ 9. Be2 Qc6 10. Bb5 e6 11. Qc8+ Ke7 12. Bxc6 g6 13. Bxa8 Bg7 14. Qxc7+
Nfd7 15. Bg5+ f6 16. Bf4 Na6 17. Bd6+ Ke8 18. Bc6 Nxc7 19. Bxc7 Ke7 20. O-O-O e5
21. Nb5 Rc8 22. Bd6+ Kd8 23. Bxd7 Kxd7 24. dxe5 Ke6 25. Nd4+ Kd7 26. Rhe1 f5 27.
e6+ Ke8 28. e7 Rc4 29. Ne6 Bf6 30. Nc7+ Kf7 31. e8=Q+ Kg7 32. Qf8# 1-0

[Event "Scrummy"]
[Site "http://www.queenalice.com/game.php?id=1375368"]
[Date "2015.8.4"]
[Round "-"]
[White "Timinator"]
[Black "Matach"]
[Result "1-0"]
[WhiteElo "1402"]
[BlackElo "1055"]

1. e4 e5 2. Nf3 f6 3. Bc4 Nh6 4. O-O c6 5. d4 Bd6 6. Bxh6 gxh6 7. dxe5 fxe5 8.
Qxd6 Rf8 9. Qxe5+ Qe7 10. Qh5+ Kd8 11. Qe5 d6 12. Qxe7+ Kxe7 13. Nc3 Nd7 14.
Rae1 Nb6 15. Bd3 Bd7 16. e5 d5 17. Bxh7 Bf5 18. Bxf5 Rxf5 19. Nd4 Rf4 20. Nde2
Nd7 21. Nxf4 Rf8 22. Ng6+ Ke6 23. Nxf8+ 1-0

[Event "One in the oven"]
[Site "http://www.queenalice.com/game.php?id=1378266"]
[Date "2015.8.17"]
[Round "-"]
[White "Matach"]
[Black "Timinator"]
[Result "0-1"]
[WhiteElo "1045"]
[BlackElo "1402"]

1. d4 d5 2. e3 Bf5 3. Nf3 Nd7 4. Nh4 e6 5. h3 Qxh4 6. g3 Qe7 7. g4 Bg6 8. b3
O-O-O 9. Ba3 Qf6 10. Qe2 e5 11. Bb2 Bb4+ 12. Kd1 Be4 13. Rg1 exd4 14. exd4 Bf3
15. Qxf3 Qxf3+ 0-1

[Event "Two to get started..."]
[Site "http://www.queenalice.com/game.php?id=1379656"]
[Date "2015.8.26"]
[Round "-"]
[White "Matach"]
[Black "Timinator"]
[Result "0-1"]
[WhiteElo "1069"]
[BlackElo "1404"]

1. d3 e5 2. e4 Bc5 3. Nh3 Nf6 4. Nc3 O-O 5. g3 Ng4 6. f3 Ne3 7. Bxe3 Bxe3 8. Qe2
Bd4 9. Qd2 Qf6 10. Ng1 Nc6 11. Rb1 a6 12. Nd5 Qd6 13. c4 h6 14. h3 Qc5 15. a3
Bxg1 16. b4 Qd4 17. Qb2 Qxb2 18. Rxb2 Bd4 19. Rb1 a5 20. Nxc7 Ra7 21. Rh2 axb4
22. Ne6 dxe6 23. Rc2 Bc3+ 24. Kd1 Ra4 25. h4 Nd4 26. Ra2 b3 27. Re2 Nxe2 28.
Bxe2 Rxa3 29. f4 b2 30. d4 Ra1 31. Bd3 Rd8 32. c5 Rxd4 33. Kc2 Bb4 34. Rxa1
bxa1=Q 35. Be2 Qa2+ 0-1

[Event "Three to get goin'..."]
[Site "http://www.queenalice.com/game.php?id=1388413"]
[Date "2015.10.10"]
[Round "-"]
[White "Matach"]
[Black "Timinator"]
[Result "0-1"]
[WhiteElo "1066"]
[BlackElo "1407"]

1. d4 d5 2. c3 Bf5 3. Nd2 b5 4. f3 Nf6 5. e3 e6 6. h3 Bd6 7. Ne2 O-O 8. g4 Bd3
9. a3 Bxe2 10. Bxe2 Bg3+ 11. Kf1 Nc6 12. b3 e5 13. a4 a6 14. Ba3 Re8 15. Rg1 Bh4
16. Qc1 exd4 17. cxd4 Re6 18. Nb1 b4 19. f4 Qe7 20. Bf3 Rxe3 21. Bg2 Re1+ 22.
Qxe1 Qxe1# 0-1

[Event "Push day"]
[Site "http://www.queenalice.com/game.php?id=1406667"]
[Date "2016.1.29"]
[Round "-"]
[White "Timinator"]
[Black "Matach"]
[Result "1-0"]
[WhiteElo "1384"]
[BlackElo "1062"]

1. Nf3 d6 2. g3 Bf5 3. Bg2 e6 4. h4 Nf6 5. O-O Nc6 6. e3 h6 7. Nd4 Be4 8. f3 Bd5
9. Nc3 Be7 10. f4 e5 11. Bxd5 Nb4 12. Nf5 g6 13. Ng7+ Kf8 14. Ne6+ Ke8 15. Nxd8
Kxd8 16. e4 1-0